[Event "Campeonato de Aragon por Equipos 2024 -"]
[Site "Aragon"]
[Date "2024.01.27"]
[Round "1.23"]
[White "Hidalgo Gracia, Andres"]
[Black "Lacruz Algarate, Alvaro"]
[Result "1/2-1/2"]
[WhiteElo "1835"]
[BlackElo "2114"]
[PlyCount "80"]
[GameId "2166508111552590"]
[EventDate "2024.01.27"]
[WhiteTeam "Monzon"]
[BlackTeam "Palacio De Pioneros"]

1. Nf3 Nf6 2. c4 c5 3. Nc3 b6 4. e3 Bb7 5. Be2 e6 6. O-O Be7 7. d4 cxd4 8. exd4 O-O 9. Bg5 d5 10. b3 Nbd7 11. Ne5 dxc4 12. Nxc4 Ne4 13. Nxe4 Bxe4 14. Bxe7 Qxe7 15. Bf3 Bxf3 16. Qxf3 Nf6 17. Ne3 Rfd8 18. Rfd1 Nd5 19. Rac1 h6 20. h3 Rd7 21. Nxd5 Rxd5 22. Qf4 Rd7 23. Rc4 Rad8 24. Rdc1 Qg5 25. Qxg5 hxg5 26. Rc7 Kf8 27. Kf1 Ke7 28. Ke2 Rxc7 29. Rxc7+ Rd7 30. Rc4 Kd6 31. Kd3 Rd8 32. b4 Rd7 33. Rc8 e5 34. dxe5+ Kxe5+ 35. Ke3 f5 36. Re8+ Kf6 37. Rf8+ Kg6 38. g3 Rc7 39. Kd3 Rd7+ 40. Ke3 Rc7 1/2-1/2

[Event "Campeonato de Aragon por Equipos 2024 -"]
[Site "Aragon"]
[Date "2024.01.27"]
[Round "1.24"]
[White "Dan, Teodor"]
[Black "Buil Solana, Mario"]
[Result "1-0"]
[WhiteElo "1981"]
[BlackElo "1855"]
[PlyCount "67"]
[GameId "2166508111601743"]
[EventDate "2024.01.27"]
[WhiteTeam "Palacio De Pioneros"]
[BlackTeam "Monzon"]

1. d4 d5 2. c4 e6 3. Nc3 Nf6 4. cxd5 exd5 5. Bg5 Be7 6. e3 c6 7. Bd3 O-O 8. Qc2 h6 9. Bh4 Re8 10. Nge2 Nbd7 11. O-O Ne4 12. Bxe7 Qxe7 13. Nf4 Ndf6 14. Nxe4 Nxe4 15. Rae1 Qf6 16. Ne2 Nd6 17. Ng3 g6 18. f3 h5 19. Qc3 h4 20. Nh1 Qg5 21. e4 Bh3 22. Qc2 dxe4 23. fxe4 Re7 24. Rf3 Bf5 25. Nf2 Bg4 26. Nxg4 Qxg4 27. Ref1 Qd7 28. Qf2 Rf8 29. Qxh4 Nxe4 30. Rh3 Qxd4+ 31. Kh1 f6 32. Bxe4 Qxe4 33. Qh8+ Kf7 34. Qxf6+ 1-0

[Event "Campeonato de Aragon por Equipos 2024 -"]
[Site "Aragon"]
[Date "2024.01.27"]
[Round "1.25"]
[White "Lana Rodriguez, David"]
[Black "Portero Garnica, Miguel Angel"]
[Result "1-0"]
[WhiteElo "2382"]
[BlackElo "2022"]
[PlyCount "56"]
[GameId "2166508111650896"]
[EventDate "2024.01.27"]
[WhiteTeam "Teruel"]
[BlackTeam "Marcos Frechin B"]

1. d4 d5 2. c4 e6 3. Nc3 Nf6 4. cxd5 exd5 5. Bg5 Be7 6. e3 O-O 7. Bd3 h6 8. Bh4 Nbd7 9. Nge2 b6 10. Qc2 Bb7 11. f3 c5 12. O-O-O Ne8 13. Bf2 a6 14. g4 b5 15. dxc5 Qa5 16. c6 Bxc6 17. Nd4 Bb7 18. Kb1 b4 19. Nb3 Qc7 20. Na4 Rc8 21. Qxc7 Nxc7 22. Bf5 Ne6 23. e4 Nf6 24. Nb6 Rcd8 25. Na5 dxe4 26. Nxb7 Rxd1+ 27. Rxd1 exf3 28. Nd7 Nf4 1-0

[Event "Campeonato de Aragon por Equipos 2024 -"]
[Site "Aragon"]
[Date "2024.01.27"]
[Round "1.26"]
[White "Atares Buisan, Sergio"]
[Black "Dominguez Bujeda, Jesus"]
[Result "1-0"]
[WhiteElo "1937"]
[BlackElo "2062"]
[PlyCount "82"]
[GameId "2166508111708241"]
[EventDate "2024.01.27"]
[WhiteTeam "Marcos Frechin B"]
[BlackTeam "Teruel"]

1. e4 c5 2. Nf3 e6 3. d4 cxd4 4. Nxd4 Nc6 5. Nc3 Qc7 6. Ndb5 Qb8 7. Be3 a6 8. Nd4 b5 9. Nxc6 dxc6 10. Qd2 Nf6 11. Rd1 Bb7 12. g4 Qc7 13. g5 Ng4 14. Bf4 e5 15. Bg3 b4 16. Na4 Be7 17. h3 Rd8 18. Bd3 Qa5 19. b3 c5 20. Qe2 c4 21. Bxc4 Rxd1+ 22. Kxd1 Qd8+ 23. Bd3 f5 24. Ke1 f4 25. Qxg4 fxg3 26. Qxg3 Qd4 27. Ke2 O-O 28. Rd1 Kh8 29. f3 Rd8 30. c3 bxc3 31. Bc2 Qb4 32. Rxd8+ Bxd8 33. Qxe5 Bc6 34. Nxc3 Ba5 35. a3 Bb5+ 36. Qxb5 Qxb5+ 37. Nxb5 axb5 38. b4 Bb6 39. Bd3 g6 40. Bxb5 Kg7 41. Bc4 Kf8 1-0

[Event "Campeonato de Aragon por Equipos 2024 -"]
[Site "Aragon"]
[Date "2024.01.27"]
[Round "1.27"]
[White "Gomez Calomarde, Saul"]
[Black "Perez Tomas, Juan Manuel"]
[Result "1-0"]
[WhiteElo "2031"]
[BlackElo "1862"]
[PlyCount "83"]
[GameId "2166508111757394"]
[EventDate "2024.01.27"]
[WhiteTeam "Teruel"]
[BlackTeam "Marcos Frechin B"]

1. c4 e6 2. Nf3 d5 3. g3 Nf6 4. Bg2 Be7 5. O-O O-O 6. b3 b6 7. cxd5 Nxd5 8. Bb2 Bb7 9. d4 c5 10. Nbd2 Nc6 11. Nc4 Rc8 12. Qd2 Qc7 13. dxc5 Bxc5 14. Qg5 f6 15. Qg4 Rfe8 16. e4 h5 17. Qxh5 Ndb4 18. e5 Nd3 19. Bc3 Ncxe5 20. Bxe5 Nxe5 21. Ncxe5 fxe5 22. Ng5 Bxg2 23. Qh7+ Kf8 24. Qh8+ Ke7 25. Qxg7+ Kd6 26. Qxc7+ Rxc7 27. Kxg2 Bd4 28. Ne4+ Ke7 29. Rad1 Rc2 30. Rd2 Rxd2 31. Nxd2 Rc8 32. Nc4 b5 33. Ne3 Rc3 34. Kf3 Kd6 35. h4 Kc5 36. Ke4 Kb4 37. h5 Ka3 38. h6 Kxa2 39. h7 Rc8 40. g4 Kxb3 41. g5 Rf8 42. Ng2 1-0

[Event "Campeonato de Aragon por Equipos 2024 -"]
[Site "Aragon"]
[Date "2024.01.27"]
[Round "1.28"]
[White "Prats Fares, Nahuel"]
[Black "Martin Catalan, Juan Vicente"]
[Result "1-0"]
[WhiteElo "1763"]
[BlackElo "1914"]
[PlyCount "107"]
[GameId "2166508111970387"]
[EventDate "2024.01.27"]
[WhiteTeam "Marcos Frechin B"]
[BlackTeam "Teruel"]

1. e4 e6 2. d3 d5 3. Nd2 c5 4. Ngf3 Nc6 5. g3 Nf6 6. Bg2 Be7 7. O-O dxe4 8. dxe4 e5 9. c3 O-O 10. Qc2 Qc7 11. a4 a5 12. Nc4 b6 13. Bg5 Ba6 14. b3 Rad8 15. Rfe1 Ng4 16. Bc1 Rfe8 17. h3 Bxc4 18. bxc4 Nf6 19. Rb1 Rd6 20. Nd2 Bd8 21. Nf1 Qd7 22. Ne3 Ne7 23. Nd5 Nc8 24. Kh2 Rde6 25. Bf1 Ne7 26. Rd1 Rd6 27. Be3 Nc8 28. Rd2 Rf8 29. Bd3 Re6 30. Kg2 h6 31. Rg1 Nd6 32. g4 Nde8 33. Kh2 g5 34. f3 Kg7 35. Kg2 Rh8 36. Kf1 Rd6 37. h4 Nxd5 38. cxd5 f6 39. Bb5 Qe7 40. Bxe8 Qxe8 41. Qb3 Bc7 42. Qc4 Qd7 43. h5 Ra8 44. Rb2 Ra7 45. Rb5 Ra8 46. Ke2 Qd8 47. Rgb1 Ra7 48. R5b3 Qc8 49. Rb5 Qa6 50. Kd3 Ra8 51. R5b3 Qa7 52. Bxc5 bxc5 53. Rb7 Qa6 54. Rxc7+ 1-0

[Event "Campeonato de Aragon por Equipos 2024 -"]
[Site "Aragon"]
[Date "2024.01.27"]
[Round "1.29"]
[White "Laliena Solanes, Luis"]
[Black "Lopez Caudevilla, David"]
[Result "1/2-1/2"]
[WhiteElo "2159"]
[BlackElo "2180"]
[PlyCount "70"]
[GameId "2166508112044116"]
[EventDate "2024.01.27"]
[WhiteTeam "ONCE C. A. Aragon"]
[BlackTeam "Actur Rey Fernando"]

1. e4 g6 2. d4 Bg7 3. Nc3 c6 4. f4 d5 5. e5 Nh6 6. Nf3 Bg4 7. h3 Bxf3 8. Qxf3 Nf5 9. Ne2 h5 10. g4 Nh4 11. Qf2 e6 12. Bd2 Nd7 13. O-O-O c5 14. dxc5 Rc8 15. Be3 Qe7 16. Nc3 Nxc5 17. Bb5+ Kf8 18. Rxd5 exd5 19. Nxd5 Ne4 20. Nxe7 Nxf2 21. Bxf2 Kxe7 22. Bxh4+ Kf8 23. Bg3 hxg4 24. Bd7 Rc4 25. Bxg4 Bh6 26. Rf1 Kg7 27. b3 Rd4 28. Kb2 Re8 29. Kc3 Rd5 30. Bh4 Kh7 31. a4 a5 32. Kc4 Rd2 33. Kc3 Rd5 34. Kc4 Rd2 35. Kc3 Rd5 1/2-1/2

[Event "Campeonato de Aragon por Equipos 2024 -"]
[Site "Aragon"]
[Date "2024.01.27"]
[Round "1.30"]
[White "Abos Rosico, Antonio"]
[Black "Gavin Roche, Enrique"]
[Result "0-1"]
[WhiteElo "2071"]
[BlackElo "2164"]
[PlyCount "76"]
[GameId "2166508112101461"]
[EventDate "2024.01.27"]
[WhiteTeam "Actur Rey Fernando"]
[BlackTeam "ONCE C. A. Aragon"]

1. e4 e5 2. Nf3 d6 3. d4 Nf6 4. Nc3 Nbd7 5. Rg1 Be7 6. g4 c6 7. g5 Nh5 8. Be3 g6 9. Qd2 O-O 10. O-O-O b5 11. Kb1 Qc7 12. Ne2 Nb6 13. Qa5 Qb8 14. Bc1 Be6 15. b3 Rc8 16. dxe5 dxe5 17. Bb2 Nd7 18. Rxd7 Bxd7 19. Nxe5 Be6 20. f4 Qb6 21. Qc3 b4 22. Qf3 Ng7 23. Bh3 Bxh3 24. Qxh3 Qf2 25. Ng4 Qxe2 26. Nh6+ Kf8 27. f5 Rd8 28. Bxg7+ Kxg7 29. f6+ Kf8 30. fxe7+ Kxe7 31. Qg3 Rd1+ 32. Kb2 Rxg1 33. Qc7+ Ke6 34. Qxc6+ Ke5 35. Nxf7+ Kf4 36. Qxa8 Qd2 37. Qb8+ Kf3 38. Ne5+ Kg2 0-1

[Event "Campeonato de Aragon por Equipos 2024 -"]
[Site "Aragon"]
[Date "2024.01.27"]
[Round "1.31"]
[White "Baigorri Navarro, Francisco Javier"]
[Black "Garcia Alvarez, Sergio"]
[Result "0-1"]
[WhiteElo "2137"]
[BlackElo "1796"]
[PlyCount "66"]
[GameId "2166508112158806"]
[EventDate "2024.01.27"]
[WhiteTeam "ONCE C. A. Aragon"]
[BlackTeam "Actur Rey Fernando"]

1. Nf3 e6 2. c4 g6 3. d4 d6 4. Nc3 Bg7 5. e4 Ne7 6. Be2 b6 7. O-O h6 8. Qc2 Bb7 9. Rd1 O-O 10. d5 e5 11. Ne1 g5 12. Be3 Nd7 13. b4 f5 14. f3 f4 15. Bf2 Nf6 16. c5 h5 17. a4 Ng6 18. a5 g4 19. axb6 cxb6 20. cxd6 Bc8 21. Nb5 h4 22. Nc7 g3 23. Nxa8 gxf2+ 24. Kxf2 h3 25. Qc7 Nxe4+ 26. fxe4 Qh4+ 27. Kg1 f3 28. Bxf3 Nf4 29. g3 Ne2+ 30. Kf2 Qxe4 31. Rxa7 Bh6 32. Rd3 Ng1 33. Qxc8 Qe2+ 0-1

[Event "Campeonato de Aragon por Equipos 2024 -"]
[Site "Aragon"]
[Date "2024.01.27"]
[Round "1.32"]
[White "Perez Puyal, Jose Joaquin"]
[Black "Repolles Sevilla, Jose Carlos"]
[Result "1-0"]
[WhiteElo "1731"]
[BlackElo "1627"]
[PlyCount "47"]
[GameId "2166508112224343"]
[EventDate "2024.01.27"]
[WhiteTeam "Actur Rey Fernando"]
[BlackTeam "ONCE C. A. Aragon"]

1. d4 Nf6 2. Nf3 d5 3. e3 e6 4. Bd3 c5 5. c3 Nc6 6. Nbd2 Bd6 7. O-O O-O 8. Qe2 Re8 9. e4 dxe4 10. Nxe4 Nxe4 11. Qxe4 f5 12. Qe2 cxd4 13. cxd4 Nxd4 14. Nxd4 Bxh2+ 15. Kxh2 Qh4+ 16. Kg1 Qxd4 17. Bxf5 Bd7 18. Be4 Rab8 19. Rd1 Qa4 20. b3 Bb5 21. Qg4 Qa6 22. Bb2 e5 23. Rd2 Bc6 24. Rd6 1-0

[Event "Preferente Aragonesa 2024 - Grupo I"]
[Site "?"]
[Date "2024.01.27"]
[Round "1.33"]
[White "Malo Guillen, Jose Luis"]
[Black "Baldellou Vicente, Roberto"]
[Result "1-0"]
[WhiteElo "2070"]
[BlackElo "1933"]
[PlyCount "55"]
[GameId "2166508112277592"]
[EventDate "2024.01.27"]
[WhiteTeam "Las Fuentes"]
[BlackTeam "San Jose"]

1. d4 e6 2. Nf3 f5 3. g3 b6 4. Bg2 Bb7 5. O-O Nf6 6. c4 Be7 7. Nc3 O-O 8. d5 Qc8 9. Nd4 a5 10. Bf4 Na6 11. a3 Nc5 12. Ncb5 Ne8 13. b4 axb4 14. axb4 Na6 15. Qb3 g5 16. Bd2 Bf6 17. Bc3 c5 18. bxc5 Nxc5 19. Rxa8 Bxa8 20. Qc2 Ne4 21. Bb4 exd5 22. Bxf8 Kxf8 23. Rc1 Qc5 24. e3 dxc4 25. Qxc4 Qxc4 26. Rxc4 Bd5 27. Rc8 Bb7 28. Rb8 1-0

[Event "Preferente Aragonesa 2024 - Grupo I"]
[Site "?"]
[Date "2024.01.27"]
[Round "1.34"]
[White "Palomar Ramon, Santiago"]
[Black "Javierre Conesa, Alfonso"]
[Result "1-0"]
[WhiteElo "1879"]
[BlackElo "1822"]
[PlyCount "37"]
[GameId "2166508112343129"]
[EventDate "2024.01.27"]
[WhiteTeam "San Jose"]
[BlackTeam "Las Fuentes"]

1. e4 c5 2. Nf3 g6 3. d4 cxd4 4. Nxd4 Bg7 5. Nc3 Nc6 6. Be3 Nf6 7. Bc4 O-O 8. Bb3 d6 9. f3 Bd7 10. Qd2 Nxd4 11. Bxd4 Bc6 12. g4 h5 13. gxh5 Nxh5 14. Bxg7 Kxg7 15. O-O-O a5 16. a4 Rb8 17. Rhg1 b5 18. axb5 Bxb5 19. Qg5 1-0

[Event "Preferente Aragonesa 2024 - Grupo I"]
[Site "?"]
[Date "2024.01.27"]
[Round "1.35"]
[White "Manguez Cambra, Jose Luis"]
[Black "Ferreruela Romero, Jose Joaquin"]
[Result "1/2-1/2"]
[WhiteElo "1726"]
[BlackElo "1859"]
[PlyCount "75"]
[GameId "2166508112506970"]
[EventDate "2024.01.27"]
[WhiteTeam "Las Fuentes"]
[BlackTeam "San Jose"]

1. d4 e6 2. e4 d5 3. Nc3 Nf6 4. Bg5 dxe4 5. Nxe4 Be7 6. Nxf6+ Bxf6 7. Bxf6 Qxf6 8. Bd3 c5 9. Nf3 cxd4 10. Nxd4 O-O 11. O-O Rd8 12. Nf3 Nc6 13. c3 e5 14. Qc2 g6 15. Rad1 Bg4 16. Be2 Re8 17. Qa4 h5 18. h3 Bf5 19. Bb5 Bxh3 20. Rd5 Bg4 21. Nh2 Bf5 22. Rfd1 e4 23. Rd6 Re6 24. Rd7 Ne5 25. Rxb7 Qg5 26. Rxa7 Rxa7 27. Qxa7 Nd3 28. Bxd3 exd3 29. Nf3 Qg4 30. Qb8+ Kg7 31. Qg3 Qa4 32. Rd2 Qxa2 33. Nd4 Re1+ 34. Kh2 Bg4 35. Qxd3 Qa1 36. Nf3 Rh1+ 37. Kg3 Bxf3 38. Kxf3 1/2-1/2

[Event "Preferente Aragonesa 2024 - Grupo I"]
[Site "?"]
[Date "2024.01.27"]
[Round "1.36"]
[White "Repolles Bel, Antonio"]
[Black "Edeso Perez, Francisco"]
[Result "1/2-1/2"]
[WhiteElo "1720"]
[BlackElo "1669"]
[PlyCount "90"]
[GameId "2166508112613467"]
[EventDate "2024.01.27"]
[WhiteTeam "San Jose"]
[BlackTeam "Las Fuentes"]

1. e4 c5 2. d4 cxd4 3. c3 d3 4. Bxd3 d6 5. Nf3 e6 6. O-O Be7 7. e5 dxe5 8. Nxe5 Nf6 9. Qe2 O-O 10. Nd2 Nbd7 11. Ndf3 Nxe5 12. Nxe5 Nd7 13. Rd1 Nxe5 14. Bxh7+ Kxh7 15. Rxd8 Rxd8 16. Bf4 Ng6 17. Be3 Bd7 18. a4 Bc6 19. b4 a6 20. g3 b5 21. a5 Bd5 22. h4 Rac8 23. Bd4 Bc4 24. Qh5+ Kg8 25. Qg4 e5 26. Bb6 Be6 27. Qe2 Rd5 28. Qe3 Rc4 29. h5 Nf8 30. Kg2 e4 31. Bd4 Rxh5 32. Rh1 Rxh1 33. Kxh1 Bd5 34. Kh2 Ne6 35. Be5 Ng5 36. Bf4 Nf3+ 37. Kh3 Bf6 38. Qb6 Be6+ 39. Kg2 Bxc3 40. Qxa6 Bxb4 41. Qxb5 Ne1+ 42. Kg1 Bc5 43. Qb1 Nd3 44. Kg2 Nxf2 45. Qb8+ Kh7 1/2-1/2

[Event "Preferente Aragonesa 2024 - Grupo I"]
[Site "?"]
[Date "2024.01.27"]
[Round "1.37"]
[White "Llorente Zaro, Alfonso"]
[Black "Abril Avellanas, Eduardo"]
[Result "1-0"]
[WhiteElo "2433"]
[BlackElo "2167"]
[PlyCount "33"]
[GameId "2166508112666716"]
[EventDate "2024.01.27"]
[WhiteTeam "Agrupacion A"]
[BlackTeam "Atletismo Huesca"]

1. Nf3 g6 2. d4 Bg7 3. e4 c6 4. h3 d6 5. Bd3 e5 6. c3 Nd7 7. Nbd2 Ngf6 8. O-O O-O 9. a4 b6 10. b3 Re8 11. Nc4 exd4 12. Nxd6 Re6 13. Nxf7 Kxf7 14. Ng5+ Ke7 15. Nxe6 Kxe6 16. Bc4+ Ke7 17. e5 1-0

[Event "Preferente Aragonesa 2024 - Grupo I"]
[Site "?"]
[Date "2024.01.27"]
[Round "1.38"]
[White "Luis Vitalla, Fernando"]
[Black "Remiro Juste, Fernando Jose"]
[Result "0-1"]
[WhiteElo "2097"]
[BlackElo "2221"]
[PlyCount "118"]
[GameId "2166508112724061"]
[EventDate "2024.01.27"]
[WhiteTeam "Atletismo Huesca"]
[BlackTeam "Agrupacion A"]

1. d4 g6 2. Bf4 Bg7 3. e3 c5 4. c3 cxd4 5. exd4 Nf6 6. Nf3 O-O 7. Be2 d6 8. Nbd2 Nc6 9. a4 Nd5 10. Bg3 e5 11. Nc4 Nf4 12. Bxf4 exf4 13. O-O d5 14. Nce5 g5 15. Bd3 g4 16. Nxc6 bxc6 17. Ne5 Bxe5 18. dxe5 Qg5 19. Re1 Re8 20. Qd2 h6 21. Re2 Bd7 22. Rae1 Re7 23. Bc2 Rae8 24. Qd3 Qg7 25. Qd4 Qg5 26. Qd3 Kf8 27. Qh7 Qg7 28. Qxg7+ Kxg7 29. b4 Bc8 30. Bd3 a5 31. Kf1 Ra7 32. Ra1 Bd7 33. b5 cxb5 34. axb5 Rb8 35. Rb2 a4 36. Ra3 Kf8 37. Rb4 f3 38. gxf3 gxf3 39. c4 Ra5 40. cxd5 Bxb5 41. Bxb5 Raxb5 42. Rxb5 Rxb5 43. Rxf3 Rxd5 44. Ra3 Ra5 45. Ke2 Rxe5+ 46. Kd2 Ra5 47. Kc2 Rf5 48. f3 Ra5 49. Kb2 Kg7 50. Re3 a3+ 51. Ka2 Ra4 52. Re8 h5 53. Re5 Kg6 54. Rb5 f5 55. Rb8 Kg5 56. Rf8 Rf4 57. Kxa3 Rxf3+ 58. Kb4 Rf2 59. Rg8+ Kf4 0-1

[Event "Preferente Aragonesa 2024 - Grupo I"]
[Site "?"]
[Date "2024.01.27"]
[Round "1.39"]
[White "Barros Gutierrez, Angel Luis"]
[Black "Bellosta Lopez, Pablo"]
[Result "0-1"]
[WhiteElo "1991"]
[BlackElo "1996"]
[PlyCount "44"]
[GameId "2166508112769118"]
[EventDate "2024.01.27"]
[WhiteTeam "Agrupacion A"]
[BlackTeam "Atletismo Huesca"]

1. d4 Nf6 2. c4 c6 3. Nc3 d5 4. cxd5 Nxd5 5. e4 Nxc3 6. bxc3 g6 7. Be3 Bg7 8. Qd2 e5 9. Rd1 exd4 10. cxd4 O-O 11. h4 Qe7 12. f3 Be6 13. h5 Qa3 14. hxg6 fxg6 15. Nh3 Qxa2 16. Ng5 h5 17. Qc3 Qb3 18. Qc1 b5 19. d5 Bb2 20. Qc5 Nd7 21. Qe7 Qxe3+ 22. Be2 Bf7 0-1

[Event "Preferente Aragonesa 2024 - Grupo I"]
[Site "?"]
[Date "2024.01.27"]
[Round "1.40"]
[White "Gella Bitrian, Diego"]
[Black "Carruez Berges, Santiago"]
[Result "1-0"]
[WhiteElo "1978"]
[BlackElo "1914"]
[PlyCount "35"]
[GameId "2166508112818271"]
[EventDate "2024.01.27"]
[WhiteTeam "Atletismo Huesca"]
[BlackTeam "Agrupacion A"]

1. e4 e6 2. d4 d5 3. Nd2 Be7 4. Ngf3 Nf6 5. Bd3 c5 6. exd5 exd5 7. dxc5 O-O 8. O-O Bxc5 9. c3 Nc6 10. Nb3 Bb6 11. Bf4 Bg4 12. Be2 Nh5 13. Bg5 f6 14. Bc1 Qd7 15. h3 Bxh3 16. gxh3 Qxh3 17. Qxd5+ Kh8 18. Nfd4 1-0

[Event "Preferente Aragonesa 2024 - Grupo I"]
[Site "?"]
[Date "2024.01.27"]
[Round "1.41"]
[White "Carrasquer Alonso, Luis"]
[Black "Pellicer Cerezuela, Miguel"]
[Result "0-1"]
[WhiteElo "1816"]
[BlackElo "2059"]
[PlyCount "48"]
[GameId "2166508112867424"]
[EventDate "2024.01.27"]
[WhiteTeam "Jaque - Aramovil B"]
[BlackTeam "L'Aurora Estadilla"]

1. d4 e6 2. c4 Nf6 3. Nf3 d5 4. Nc3 Nbd7 5. Bg5 c6 6. cxd5 exd5 7. e3 Qa5 8. Bxf6 Nxf6 9. Qb3 Bd6 10. Bd3 O-O 11. O-O Re8 12. Qc2 Bg4 13. Rac1 Rad8 14. a3 Bxf3 15. gxf3 c5 16. Bb5 cxd4 17. Bxe8 dxc3 18. Qa4 Qb6 19. Bb5 cxb2 20. Rb1 d4 21. e4 Bf4 22. e5 Ne4 23. Rxb2 Qg6+ 24. Kh1 Qh5 0-1

[Event "Preferente Aragonesa 2024 - Grupo I"]
[Site "?"]
[Date "2024.01.27"]
[Round "1.42"]
[White "Felez Casedas, Carlos"]
[Black "Castillo Pla, Emilio"]
[Result "1-0"]
[WhiteElo "1963"]
[BlackElo "1701"]
[PlyCount "119"]
[GameId "2166508112953441"]
[EventDate "2024.01.27"]
[WhiteTeam "L'Aurora Estadilla"]
[BlackTeam "Jaque - Aramovil B"]

1. d4 d6 2. Nf3 g6 3. e4 Bg7 4. Bd3 a6 5. c4 Bg4 6. d5 c5 7. Nc3 Nd7 8. h3 Bxf3 9. Qxf3 Ngf6 10. O-O O-O 11. Bf4 Nh5 12. Bh2 e5 13. a3 Rb8 14. b4 Nf4 15. Ne2 Nxe2+ 16. Qxe2 Qe7 17. Rab1 Rbe8 18. Bg3 Kh8 19. f3 Qg5 20. Bf2 Re7 21. Bc2 f5 22. Ba4 fxe4 23. fxe4 b6 24. Bxd7 Rxd7 25. bxc5 bxc5 26. Qe3 Bh6 27. Qxg5 Bxg5 28. Rfe1 Rdf7 29. Be3 Bh4 30. Re2 Kg7 31. Kh2 Bd8 32. g3 h5 33. Kg2 h4 34. Rf2 hxg3 35. Rxf7+ Rxf7 36. Kxg3 Ba5 37. Kg2 Rd7 38. Kg3 Bc3 39. Rb6 a5 40. a4 Be1+ 41. Kg2 Bc3 42. Kg3 Be1+ 43. Kg4 Bb4 44. Bg5 Kf7 45. Rb8 Kg7 46. Rd8 Rf7 47. Rxd6 Bc3 48. Re6 Rf1 49. h4 Rg1+ 50. Kf3 Rf1+ 51. Ke2 Re1+ 52. Kd3 Bb4 53. d6 Rd1+ 54. Ke2 Re1+ 55. Kf2 Rxe4 56. Re7+ Kf8 57. Bh6+ Kg8 58. d7 Be1+ 59. Kf1 Rd4 60. Kxe1 1-0

[Event "Preferente Aragonesa 2024 - Grupo I"]
[Site "?"]
[Date "2024.01.27"]
[Round "1.43"]
[White "Torrente Gayarre, Lorenzo"]
[Black "Pellicer Cemeli, Jose Luis"]
[Result "1-0"]
[WhiteElo "1669"]
[BlackElo "1952"]
[PlyCount "103"]
[GameId "2166508113076322"]
[EventDate "2024.01.27"]
[WhiteTeam "Jaque - Aramovil B"]
[BlackTeam "L'Aurora Estadilla"]

1. d4 e6 2. Nf3 c5 3. g3 Nf6 4. Bg2 Nc6 5. O-O d5 6. c4 dxc4 7. Qa4 Bd7 8. Qxc4 cxd4 9. Nxd4 Rc8 10. Nxc6 Bxc6 11. Bxc6+ Rxc6 12. Qb5 Qb6 13. Qxb6 Rxb6 14. Nd2 Rc6 15. Nf3 Bc5 16. Bf4 Nd5 17. Be5 f6 18. Bd4 Ke7 19. e4 Nb4 20. Bc3 Rd8 21. Nd2 Nd3 22. Nb3 Bb6 23. Kg2 Rc4 24. f3 Nxb2 25. Rac1 Nd1 26. Bxf6+ gxf6 27. Rfxd1 Rxd1 28. Rxd1 Rc2+ 29. Rd2 Rxd2+ 30. Nxd2 Bc7 31. Kf2 b5 32. Ke3 Kd6 33. Kd4 Bb6+ 34. Kd3 Kc5 35. a3 b4 36. a4 b3 37. a5 Bxa5 38. Nxb3+ Kb4 39. Nxa5 Kxa5 40. Kc4 Kb6 41. f4 Kc6 42. g4 e5 43. f5 h6 44. Kb4 a6 45. Ka5 Kc5 46. h4 Kd6 47. Kxa6 h5 48. gxh5 Ke7 49. Kb6 Kf7 50. h6 Kg8 51. Kc6 Kh7 52. Kd6 1-0

[Event "Preferente Aragonesa 2024 - Grupo I"]
[Site "?"]
[Date "2024.01.27"]
[Round "1.44"]
[White "Fuentes Espuna, Juan Antonio"]
[Black "Broto Izquierdo, Sixto"]
[Result "0-1"]
[WhiteElo "1914"]
[BlackElo "1560"]
[PlyCount "96"]
[GameId "2166508113125475"]
[EventDate "2024.01.27"]
[WhiteTeam "L'Aurora Estadilla"]
[BlackTeam "Jaque - Aramovil B"]

1. e4 e5 2. Nf3 Nc6 3. Bb5 a6 4. Ba4 Nf6 5. O-O b5 6. Bb3 Be7 7. Re1 d6 8. c3 O-O 9. d4 Bg4 10. d5 Na5 11. h3 Nxb3 12. axb3 Bh5 13. Nbd2 Nd7 14. Nf1 f5 15. exf5 Bxf3 16. Qxf3 Nc5 17. Ng3 Qd7 18. b4 Nb3 19. Ra3 Nxc1 20. Rxc1 Bh4 21. c4 Bxg3 22. Qxg3 bxc4 23. Rxc4 Qxf5 24. Rxc7 Rf7 25. Rxf7 Qxf7 26. Qd3 Qb7 27. b5 a5 28. Rc3 Rb8 29. Rb3 Qb6 30. Qf5 h6 31. Kh2 Rf8 32. Qe6+ Kh8 33. f3 Qd4 34. Rc3 Rf6 35. Rc8+ Kh7 36. Qg8+ Kg6 37. Rc7 Kh5 38. Qxg7 Rg6 39. g4+ Kh4 40. Qe7+ Rg5 41. Rc2 Qf4+ 42. Kg1 Kxh3 43. Re2 Qg3+ 44. Kf1 Qxf3+ 45. Ke1 Qh1+ 46. Kd2 Qxd5+ 47. Kc1 Qc4+ 48. Rc2 Qxg4 {ilegible} 0-1

[Event "Preferente Aragonesa 2024 - Grupo I"]
[Site "?"]
[Date "2024.01.27"]
[Round "1.45"]
[White "Colom Sienes, Eduardo"]
[Black "Munoz Valles, Jorge"]
[Result "1-0"]
[WhiteElo "2070"]
[BlackElo "2001"]
[PlyCount "73"]
[GameId "2166508113178724"]
[EventDate "2024.01.27"]
[WhiteTeam "Palacio De Pioneros B"]
[BlackTeam "El Olivar C"]

1. e4 c6 2. d4 d5 3. f3 dxe4 4. fxe4 e5 5. Nf3 exd4 6. Bc4 Be6 7. Bxe6 fxe6 8. Qxd4 Qxd4 9. Nxd4 e5 10. Ne6 Na6 11. b3 Ke7 12. Nxf8 Rxf8 13. Ba3+ c5 14. Nc3 Nf6 15. O-O-O Ke6 16. Rhe1 Rd8 17. Nd5 Nxd5 18. exd5+ Rxd5 19. Bb2 Rxd1+ 20. Kxd1 Rd8+ 21. Kc1 Rd5 22. c4 Rd4 23. Bxd4 cxd4 24. Rf1 e4 25. Kd2 Nc5 26. Rf8 Ke5 27. Rd8 Ne6 28. Re8 e3+ 29. Ke2 h5 30. g3 g5 31. Re7 b6 32. b4 a5 33. c5 bxc5 34. bxa5 c4 35. a6 c3 36. Kd3 Kd5 37. Rxe6 1-0

[Event "Preferente Aragonesa 2024 - Grupo I"]
[Site "?"]
[Date "2024.01.27"]
[Round "1.46"]
[White "De La Riva Fernandez, Eduardo"]
[Black "Gomez Salinas, Nestor"]
[Result "0-1"]
[WhiteElo "1743"]
[BlackElo "2014"]
[PlyCount "84"]
[GameId "2166508113236069"]
[EventDate "2024.01.27"]
[WhiteTeam "El Olivar C"]
[BlackTeam "Palacio De Pioneros B"]

1. e4 c5 2. Nf3 d6 3. d4 cxd4 4. Nxd4 Nf6 5. Nc3 a6 6. Bg5 e6 7. f4 Be7 8. Be2 b5 9. e5 b4 10. Bf3 d5 11. Nce2 Ng8 12. Bxe7 Nxe7 13. O-O Nbc6 14. a3 Qb6 15. axb4 Nf5 16. c3 Ne3 17. Qd3 Nxf1 18. Rxf1 Bd7 19. Kh1 Nxd4 20. Nxd4 Bb5 21. Nxb5 axb5 22. Be2 Rb8 23. Ra1 O-O 24. Ra5 Qf2 25. Qf3 Qe1+ 26. Qf1 Qd2 27. Rxb5 Rxb5 28. Bxb5 Qxb2 29. Ba6 Qxc3 30. b5 Qc5 31. h3 d4 32. Qb1 Qb6 33. Qd3 Rd8 34. Kg1 Qc5 35. Bb7 Qc1+ 36. Kh2 Qxf4+ 37. Kh1 Qxe5 38. Be4 Rc8 39. Bc6 Qe1+ 40. Kh2 Qc3 41. Qe4 d3 42. Bd7 Qc7+ 0-1